000
00220 a2200097 4500
001
44903
100
_a
Conrad J
245
_a
Youth a narrative
260
_a
Peshawar
_b
University book agency
_c
090
_c
28318
_d
28318
942
_a
NUST-CAE
_c
M
_c
20356
999
_c
279976
_d
279976